<?xml version="1.0" encoding="UTF-8"?>
<record
    xmlns:xsi="http://www.w3.org/2001/XMLSchema-instance"
    xsi:schemaLocation="http://www.loc.gov/MARC21/slim http://www.loc.gov/standards/marcxml/schema/MARC21slim.xsd"
    xmlns="http://www.loc.gov/MARC21/slim">

  <leader>00431nam a2200157Ia 4500</leader>
  <datafield tag="100" ind1=" " ind2=" ">
    <subfield code="a">Wilson/Sam J.A/ Risse/Joseph A </subfield>
  </datafield>
  <datafield tag="490" ind1=" " ind2=" ">
    <subfield code="v">I</subfield>
  </datafield>
  <datafield tag="942" ind1=" " ind2=" ">
    <subfield code="c">BK</subfield>
  </datafield>
  <datafield tag="366" ind1=" " ind2=" ">
    <subfield code="f">15</subfield>
  </datafield>
  <datafield tag="654" ind1=" " ind2=" ">
    <subfield code="a">Electronic trouble shootin</subfield>
  </datafield>
  <datafield tag="245" ind1=" " ind2=" ">
    <subfield code="a">Electronic trouble shooting and servicing techniques:With an introduction to digital circuits</subfield>
  </datafield>
  <datafield tag="260" ind1=" " ind2=" ">
    <subfield code="b">Thomson/Delmar</subfield>
    <subfield code="a">London</subfield>
    <subfield code="c">2003</subfield>
  </datafield>
  <datafield tag="082" ind1=" " ind2=" ">
    <subfield code="a">621.3815</subfield>
    <subfield code="b">WIL</subfield>
  </datafield>
  <datafield tag="300" ind1=" " ind2=" ">
    <subfield code="a">308</subfield>
  </datafield>
  <datafield tag="546" ind1=" " ind2=" ">
    <subfield code="a">ENGLISH</subfield>
  </datafield>
  <datafield tag="999" ind1=" " ind2=" ">
    <subfield code="c">18032</subfield>
    <subfield code="d">18032</subfield>
  </datafield>
  <datafield tag="952" ind1=" " ind2=" ">
    <subfield code="0">0</subfield>
    <subfield code="1">0</subfield>
    <subfield code="4">0</subfield>
    <subfield code="7">0</subfield>
    <subfield code="8">CRC</subfield>
    <subfield code="a">CRCE</subfield>
    <subfield code="b">CRCE</subfield>
    <subfield code="d">2023-03-17</subfield>
    <subfield code="e">Unique Book Distributors</subfield>
    <subfield code="g">207.82</subfield>
    <subfield code="i">618 dt 03/09/2004</subfield>
    <subfield code="l">0</subfield>
    <subfield code="o">621.3815 WIL</subfield>
    <subfield code="p">15134</subfield>
    <subfield code="r">2023-03-17</subfield>
    <subfield code="v">244.50</subfield>
    <subfield code="w">2004-09-03</subfield>
    <subfield code="y">BK</subfield>
  </datafield>
  <datafield tag="952" ind1=" " ind2=" ">
    <subfield code="0">0</subfield>
    <subfield code="1">0</subfield>
    <subfield code="4">0</subfield>
    <subfield code="7">0</subfield>
    <subfield code="8">CRC</subfield>
    <subfield code="a">CRCE</subfield>
    <subfield code="b">CRCE</subfield>
    <subfield code="d">2023-03-17</subfield>
    <subfield code="e">Unique Book Distributors</subfield>
    <subfield code="g">207.82</subfield>
    <subfield code="i">618 dt 03/09/2004</subfield>
    <subfield code="l">0</subfield>
    <subfield code="o">621.3815 WIL</subfield>
    <subfield code="p">15135</subfield>
    <subfield code="r">2023-03-17</subfield>
    <subfield code="v">244.50</subfield>
    <subfield code="w">2004-09-03</subfield>
    <subfield code="y">BK</subfield>
  </datafield>
  <datafield tag="952" ind1=" " ind2=" ">
    <subfield code="0">0</subfield>
    <subfield code="1">0</subfield>
    <subfield code="4">0</subfield>
    <subfield code="7">0</subfield>
    <subfield code="8">CRC</subfield>
    <subfield code="a">CRCE</subfield>
    <subfield code="b">CRCE</subfield>
    <subfield code="d">2023-03-17</subfield>
    <subfield code="e">Unique Book Distributors</subfield>
    <subfield code="g">207.82</subfield>
    <subfield code="i">618 dt 03/09/2004</subfield>
    <subfield code="l">0</subfield>
    <subfield code="o">621.3815 WIL</subfield>
    <subfield code="p">15136</subfield>
    <subfield code="r">2023-03-17</subfield>
    <subfield code="v">244.50</subfield>
    <subfield code="w">2004-09-03</subfield>
    <subfield code="y">BK</subfield>
  </datafield>
  <datafield tag="952" ind1=" " ind2=" ">
    <subfield code="0">0</subfield>
    <subfield code="1">0</subfield>
    <subfield code="4">0</subfield>
    <subfield code="7">0</subfield>
    <subfield code="8">CRC</subfield>
    <subfield code="a">CRCE</subfield>
    <subfield code="b">CRCE</subfield>
    <subfield code="d">2023-03-17</subfield>
    <subfield code="e">Unique Book Distributors</subfield>
    <subfield code="g">207.82</subfield>
    <subfield code="i">618 dt 03/09/2004</subfield>
    <subfield code="l">0</subfield>
    <subfield code="o">621.3815 WIL</subfield>
    <subfield code="p">15137</subfield>
    <subfield code="r">2023-03-17</subfield>
    <subfield code="v">244.50</subfield>
    <subfield code="w">2004-09-03</subfield>
    <subfield code="y">BK</subfield>
  </datafield>
  <datafield tag="952" ind1=" " ind2=" ">
    <subfield code="0">0</subfield>
    <subfield code="1">0</subfield>
    <subfield code="4">0</subfield>
    <subfield code="7">0</subfield>
    <subfield code="8">CRC</subfield>
    <subfield code="a">CRCE</subfield>
    <subfield code="b">CRCE</subfield>
    <subfield code="d">2023-03-17</subfield>
    <subfield code="e">Unique Book Distributors</subfield>
    <subfield code="g">207.82</subfield>
    <subfield code="i">618 dt 03/09/2004</subfield>
    <subfield code="l">0</subfield>
    <subfield code="o">621.3815 WIL</subfield>
    <subfield code="p">15138</subfield>
    <subfield code="r">2023-03-17</subfield>
    <subfield code="v">244.50</subfield>
    <subfield code="w">2004-09-03</subfield>
    <subfield code="y">BK</subfield>
  </datafield>
  <datafield tag="952" ind1=" " ind2=" ">
    <subfield code="0">0</subfield>
    <subfield code="1">0</subfield>
    <subfield code="4">0</subfield>
    <subfield code="7">0</subfield>
    <subfield code="8">CRC</subfield>
    <subfield code="a">CRCE</subfield>
    <subfield code="b">CRCE</subfield>
    <subfield code="d">2023-03-17</subfield>
    <subfield code="e">Unique Book Distributors</subfield>
    <subfield code="g">207.82</subfield>
    <subfield code="i">618 dt 03/09/2004</subfield>
    <subfield code="l">0</subfield>
    <subfield code="o">621.3815 WIL</subfield>
    <subfield code="p">15139</subfield>
    <subfield code="r">2023-03-17</subfield>
    <subfield code="v">244.50</subfield>
    <subfield code="w">2004-09-03</subfield>
    <subfield code="y">BK</subfield>
  </datafield>
  <datafield tag="952" ind1=" " ind2=" ">
    <subfield code="0">0</subfield>
    <subfield code="1">0</subfield>
    <subfield code="4">0</subfield>
    <subfield code="7">0</subfield>
    <subfield code="8">CRC</subfield>
    <subfield code="a">CRCE</subfield>
    <subfield code="b">CRCE</subfield>
    <subfield code="d">2023-03-17</subfield>
    <subfield code="e">Unique Book Distributors</subfield>
    <subfield code="g">207.82</subfield>
    <subfield code="i">618 dt 03/09/2004</subfield>
    <subfield code="l">0</subfield>
    <subfield code="o">621.3815 WIL</subfield>
    <subfield code="p">15140</subfield>
    <subfield code="r">2023-03-17</subfield>
    <subfield code="v">244.50</subfield>
    <subfield code="w">2004-09-03</subfield>
    <subfield code="y">BK</subfield>
  </datafield>
  <datafield tag="952" ind1=" " ind2=" ">
    <subfield code="0">0</subfield>
    <subfield code="1">0</subfield>
    <subfield code="4">0</subfield>
    <subfield code="7">0</subfield>
    <subfield code="8">CRC</subfield>
    <subfield code="a">CRCE</subfield>
    <subfield code="b">CRCE</subfield>
    <subfield code="d">2023-03-17</subfield>
    <subfield code="e">Unique Book Distributors</subfield>
    <subfield code="g">207.82</subfield>
    <subfield code="i">618 dt 03/09/2004</subfield>
    <subfield code="l">0</subfield>
    <subfield code="o">621.3815 WIL</subfield>
    <subfield code="p">15141</subfield>
    <subfield code="r">2023-03-17</subfield>
    <subfield code="v">244.50</subfield>
    <subfield code="w">2004-09-03</subfield>
    <subfield code="y">BK</subfield>
  </datafield>
  <datafield tag="952" ind1=" " ind2=" ">
    <subfield code="0">0</subfield>
    <subfield code="1">0</subfield>
    <subfield code="4">0</subfield>
    <subfield code="7">0</subfield>
    <subfield code="8">CRC</subfield>
    <subfield code="a">CRCE</subfield>
    <subfield code="b">CRCE</subfield>
    <subfield code="d">2023-03-17</subfield>
    <subfield code="e">Unique Book Distributors</subfield>
    <subfield code="g">207.82</subfield>
    <subfield code="i">618 dt 03/09/2004</subfield>
    <subfield code="l">0</subfield>
    <subfield code="o">621.3815 WIL</subfield>
    <subfield code="p">15142</subfield>
    <subfield code="r">2023-03-17</subfield>
    <subfield code="v">244.50</subfield>
    <subfield code="w">2004-09-03</subfield>
    <subfield code="y">BK</subfield>
  </datafield>
  <datafield tag="952" ind1=" " ind2=" ">
    <subfield code="0">0</subfield>
    <subfield code="1">0</subfield>
    <subfield code="4">0</subfield>
    <subfield code="7">0</subfield>
    <subfield code="8">CRC</subfield>
    <subfield code="a">CRCE</subfield>
    <subfield code="b">CRCE</subfield>
    <subfield code="d">2023-03-17</subfield>
    <subfield code="e">Unique Book Distributors</subfield>
    <subfield code="g">207.82</subfield>
    <subfield code="i">618 dt 03/09/2004</subfield>
    <subfield code="l">0</subfield>
    <subfield code="o">621.3815 WIL</subfield>
    <subfield code="p">15143</subfield>
    <subfield code="r">2023-03-17</subfield>
    <subfield code="v">244.50</subfield>
    <subfield code="w">2004-09-03</subfield>
    <subfield code="y">BK</subfield>
  </datafield>
</record>
